00622cam a22001097a 4500008004000000082002000040245017100060260007900231300001100310440007600321700011500397180718b1987 xxu||||| |||| 00| 0 eng d aB142055x5 Un3/2 aWomen social scientists: asia - pacificcby Regional Unit for Social Human Sciences in Asia and the Pacific, Unesco Principal Regional Office for Asia and the Pacific aBangkokbRegional Unit for Social and Human Sciences in Asia and thec1987 a319+p. aSocial and Human Sciences in Asia and the Pacific RUSHAP Directoreis: 2 aUnesco Principal Regional Office for Asia and the Pacific. Regional Unit for Social and Human Sciences in Asia